000 00962nam a22002537a 4500
005 20240530110351.0
008 141224s2009 ua bd g b 000 0 ara d
017 _a2009/1672
_bمصر . دار الكتب المصرية
020 _a9773162923
040 _aEG-CaGPL
041 0 _aara
082 0 4 _221
_a327.17\
_bب ت
100 0 _aبدر حسن شافعى
245 1 0 _aتسوية الصراعات فى افريقيا :
_b( نموذج الايكواس ) /
_cبدر حسن شافعى
250 _aط1
260 _aالقاهرة :
_bدار النشر للجامعات ،
_c2009
300 _a400 ص :
_bايض ؛
_c24 سم
504 _aببليوجرافية : ص 385 - 397
650 0 4 _aالمنظمات الدولية
650 0 4 _aالمنازعات الدولية
650 0 4 _aافريقيا
_xالمنازعات الدولية
_xتسوية
_xنموذج الايكواس
942 _2ddc
_cBK
999 _c60079
_d60079